[Event "ESP-ch 80th"]
[Site "Linares"]
[Date "2015.08.29"]
[Round "7"]
[White "Aguera Naredo, Javier"]
[Black "Cuenca Jimenez, Jose Fernando"]
[Result "1/2-1/2"]
[WhiteElo "2358"]
[BlackElo "2526"]
[PlyCount "101"]
[EventDate "2015.08.23"]
[EventType "swiss"]
[EventRounds "9"]
[EventCountry "ESP"]
[SourceTitle "EXT 2016"]
[Source "ChessBase"]
[SourceDate "2015.10.08"]
[SourceVersion "1"]
[SourceVersionDate "2015.10.08"]
[SourceQuality "1"]

1. e4 d6 2. d4 Nf6 3. f3 e5 4. dxe5 dxe5 5. Qxd8+ Kxd8 6. Bc4 Ke8 7. Be3 Bd6 8.
Nd2 Nbd7 9. Nh3 a6 10. a4 b6 11. Nf2 Bb7 12. Nd3 Ke7 13. Ke2 h6 14. b4 g5 15.
g4 Nf8 16. h4 Rg8 17. hxg5 hxg5 18. Rh6 Ne6 19. Bxe6 Kxe6 20. c4 Bf8 21. Rhh1
Nd7 22. Nb3 Be7 23. b5 c5 24. Nb2 a5 25. Rh6+ Nf6 26. Nd2 Rad8 27. Rah1 Bf8 28.
R6h2 Be7 29. Nd1 Ne8 30. Rh6+ f6 31. Rh7 Nd6 32. Nc3 Rdf8 33. Kd3 Rf7 34. R7h6
Kd7 35. Kc2 Rfg7 36. Kd3 Rf7 37. Rh7 Rxh7 38. Rxh7 Rf8 39. Nf1 Rf7 40. Rh6 Bf8
41. Rh8 Be7 42. Bf2 Rf8 43. Rh7 Rf7 44. Rh6 Ne8 45. Ne3 Nc7 46. Ncd5 Bxd5 47.
cxd5 Ne8 48. Nc4 Kc7 49. Rh8 Nd6 50. Ne3 Rf8 51. Rh7 1/2-1/2

[Event "ESP-ch 80th"]
[Site "Linares"]
[Date "2015.08.30"]
[Round "8"]
[White "Cuenca Jimenez, Jose Fernando"]
[Black "Matnadze, Ana"]
[Result "1-0"]
[WhiteElo "2526"]
[BlackElo "2368"]
[PlyCount "79"]
[EventDate "2015.08.23"]
[EventType "swiss"]
[EventRounds "9"]
[EventCountry "ESP"]
[SourceTitle "EXT 2016"]
[Source "ChessBase"]
[SourceDate "2015.10.08"]
[SourceVersion "1"]
[SourceVersionDate "2015.10.08"]
[SourceQuality "1"]

1. d4 Nf6 2. c4 e6 3. Nc3 Bb4 4. Qc2 d5 5. cxd5 Qxd5 6. e3 c5 7. Bd2 Bxc3 8.
Bxc3 cxd4 9. Bxd4 Nc6 10. Bc3 Qc5 11. Rc1 O-O 12. Nf3 Nd5 13. Bd3 Nxc3 14.
Bxh7+ Kh8 15. Bd3 Nb4 16. Qd2 Rd8 17. Rxc3 Qd5 18. Bb1 Qa5 19. Nd4 e5 20. Rc4
Nc6 21. b4 Qd5 22. Qc2 g6 23. Nxc6 Qxg2 24. Nxd8 Qxh1+ 25. Kd2 Bf5 26. Nxf7+
Kg7 27. Qc3 Qd5+ 28. Kc1 Qh1+ 29. Kd2 Qd5+ 30. Ke1 b5 31. Rc5 Qh1+ 32. Kd2 Kxf7
33. Bxf5 gxf5 34. Qd3 Re8 35. Qxf5+ Kg8 36. Qg6+ Kf8 37. Qf6+ Kg8 38. Rc7 Qd5+
39. Kc1 Qh1+ 40. Kb2 1-0

[Event "ESP-ch 80th"]
[Site "Linares"]
[Date "2015.08.31"]
[Round "9"]
[White "Huerga Leache, Mikel"]
[Black "Cuenca Jimenez, Jose Fernando"]
[Result "1-0"]
[WhiteElo "2436"]
[BlackElo "2526"]
[PlyCount "131"]
[EventDate "2015.08.23"]
[EventType "swiss"]
[EventRounds "9"]
[EventCountry "ESP"]
[SourceTitle "EXT 2016"]
[Source "ChessBase"]
[SourceDate "2015.10.08"]
[SourceVersion "1"]
[SourceVersionDate "2015.10.08"]
[SourceQuality "1"]

1. d4 Nf6 2. c4 g6 3. Nc3 Bg7 4. e4 d6 5. Nf3 O-O 6. Be2 e5 7. d5 a5 8. Bg5 h6
9. Bh4 Na6 10. Nd2 Bd7 11. O-O Qe8 12. Kh1 Nh7 13. f3 h5 14. Nb5 Bh6 15. Nb1 f6
16. N1c3 Qe7 17. a3 Bg5 18. Bf2 f5 19. c5 Nf6 20. exf5 gxf5 21. b4 h4 22. Nxc7
Nxc7 23. cxd6 Qg7 24. dxc7 Kh8 25. f4 Bxf4 26. Bxh4 Qh6 27. Rf3 Ne4 28. Rh3 Kg7
29. Nxe4 fxe4 30. Bg4 Qd6 31. Bxd7 Qxd7 32. Bd8 axb4 33. axb4 Rxa1 34. Qxa1 Qf5
35. Qf1 e3 36. Rxe3 Bxe3 37. Qxf5 Rxf5 38. h4 Rf1+ 39. Kh2 Rc1 40. d6 Bg1+ 41.
Kh3 Bb6 42. h5 e4 43. c8=Q Rxc8 44. Bxb6 Rc3+ 45. Kg4 Rd3 46. Bc7 Kf6 47. Kf4
e3 48. Kf3 Ke6 49. h6 Rd1 50. g4 Rh1 51. g5 Rh3+ 52. Ke2 Rh5 53. Bd8 Kxd6 54.
Kxe3 Rh4 55. Kf3 Ke6 56. Kg3 Rh1 57. Kg4 b5 58. Bc7 Rg1+ 59. Bg3 Kf7 60. h7 Rh1
61. Bh4 Kg7 62. g6 Rg1+ 63. Bg3 Kh8 64. Kf3 Rf1+ 65. Ke4 Rf6 66. Be5 1-0

[Event "Bundesliga 1516"]
[Site "Germany"]
[Date "2015.09.19"]
[Round "1.8"]
[White "Korpa, Bence"]
[Black "Cuenca Jimenez, Jose Fernando"]
[Result "1/2-1/2"]
[WhiteElo "2434"]
[BlackElo "2521"]
[PlyCount "114"]
[EventDate "2015.09.18"]
[EventType "team-tourn"]
[EventRounds "15"]
[EventCountry "GER"]
[SourceTitle "EXT 2016"]
[Source "ChessBase"]
[SourceDate "2015.10.08"]
[SourceVersion "1"]
[SourceVersionDate "2015.10.08"]
[SourceQuality "1"]
[WhiteTeam "Dortmund Hansa"]
[BlackTeam "Hamburger SK"]
[WhiteTeamCountry "GER"]
[BlackTeamCountry "GER"]

1. Nf3 Nf6 2. g3 g6 3. Bg2 Bg7 4. d4 O-O 5. c4 d6 6. O-O Nc6 7. Nc3 a6 8. Bf4
Rb8 9. Rc1 h6 10. Qd3 Ng4 11. Bd2 e5 12. d5 Ne7 13. h3 Nf6 14. c5 Ne8 15. cxd6
cxd6 16. a4 f5 17. Qc4 b5 18. axb5 axb5 19. Qb4 Nc7 20. Be3 g5 21. Ra1 Kh8 22.
Ba7 Rb7 23. Rfd1 e4 24. Ne1 Ncxd5 25. Rxd5 Nc6 26. Qxd6 Qxd6 27. Rxd6 Nxa7 28.
Nc2 Bd7 29. Nb4 Nc8 30. Rda6 Nb6 31. Ra7 Rfb8 32. Rxb7 Rxb7 33. Ra6 Rb8 34. Ra7
Be8 35. g4 fxg4 36. hxg4 e3 37. fxe3 Nc4 38. Ncd5 Bxb2 39. Be4 Bg7 40. Re7 Nd6
41. Bd3 Rb7 42. Nc7 Bf7 43. Rd7 Ne8 44. Rxf7 Rxc7 45. Rf5 Nd6 46. Rd5 Bf8 47.
e4 Nf7 48. Na6 Re7 49. e3 Re5 50. Nb8 Rxd5 51. exd5 b4 52. Nd7 Bd6 53. Bc2 Kg7
54. Kf2 Nh8 55. Nb6 Kf6 56. Nc4 Nf7 57. Kf3 Ne5+ 1/2-1/2

[Event "Bundesliga 1516"]
[Site "Germany"]
[Date "2015.09.20"]
[Round "2.8"]
[White "Cuenca Jimenez, Jose Fernando"]
[Black "Feygin, Michael"]
[Result "1/2-1/2"]
[WhiteElo "2521"]
[BlackElo "2485"]
[PlyCount "87"]
[EventDate "2015.09.18"]
[EventType "team-tourn"]
[EventRounds "15"]
[EventCountry "GER"]
[SourceTitle "EXT 2016"]
[Source "ChessBase"]
[SourceDate "2015.10.08"]
[SourceVersion "1"]
[SourceVersionDate "2015.10.08"]
[SourceQuality "1"]
[WhiteTeam "Hamburger SK"]
[BlackTeam "Muelheim Nord"]
[WhiteTeamCountry "GER"]
[BlackTeamCountry "GER"]

1. d4 e6 2. c4 Nf6 3. Nc3 Bb4 4. Qc2 c5 5. dxc5 O-O 6. Nf3 Bxc5 7. Bf4 Nc6 8.
e3 b6 9. Be2 Bb7 10. O-O d5 11. Rad1 Qc8 12. a3 dxc4 13. Bxc4 Ne7 14. Bd3 Ng6
15. Bg3 Nh5 16. Be4 Nxg3 17. hxg3 Be7 18. Qa4 Bxe4 19. Nxe4 a6 20. Rc1 Qb7 21.
Qc6 Qxc6 22. Rxc6 b5 23. Rfc1 Rfb8 24. Rc7 Bf8 25. Rd7 Rc8 26. Rcc7 Rxc7 27.
Rxc7 Rd8 28. Kf1 Rd1+ 29. Ke2 Rb1 30. Rc2 h6 31. Ned2 Ra1 32. Nb3 Rb1 33. Nc1
Ra1 34. Nd4 Ne5 35. Ndb3 Rb1 36. Nd2 Ra1 37. f4 Nd7 38. Ndb3 Rb1 39. Nd2 Ra1
40. Ncb3 Rg1 41. Kf2 Rd1 42. Ke2 Rg1 43. Kf2 Rd1 44. Ke2 1/2-1/2

[Event "Bundesliga 1516"]
[Site "Germany"]
[Date "2015.12.12"]
[Round "3.7"]
[White "Gustafsson, Jan"]
[Black "Cuenca Jimenez, Jose Fernando"]
[Result "1-0"]
[WhiteElo "2634"]
[BlackElo "2521"]
[PlyCount "105"]
[EventDate "2015.09.18"]
[EventType "team-tourn"]
[EventRounds "15"]
[EventCountry "GER"]
[SourceTitle "CBM 170"]
[Source "ChessBase"]
[SourceDate "2016.01.15"]
[SourceVersion "1"]
[SourceVersionDate "2016.01.15"]
[SourceQuality "1"]
[WhiteTeam "Baden-Baden"]
[BlackTeam "Hamburger SK"]
[WhiteTeamCountry "GER"]
[BlackTeamCountry "GER"]

1. d4 Nf6 2. c4 g6 3. Nf3 Bg7 4. g3 O-O 5. Bg2 d6 6. O-O c6 7. Nc3 Qb6 8. b3
Qa5 9. Qd2 e5 10. Bb2 Bg4 11. Rfd1 Bxf3 12. Bxf3 exd4 13. Ne4 Qxd2 14. Nxf6+
Bxf6 15. Rxd2 Na6 16. Bxd4 Bxd4 17. Rxd4 Nb4 18. Rd2 a5 19. a3 Na6 20. Rad1 Nc5
21. b4 axb4 22. axb4 Ne6 23. b5 Ra4 24. bxc6 bxc6 25. Bxc6 Rxc4 26. Bd5 Rc7 27.
Bxe6 fxe6 28. Rxd6 Re7 29. Kg2 Kg7 30. R1d3 Ra8 31. Re3 Kf7 32. g4 g5 33. h4 h6
34. Rb6 Ra4 35. Kh3 Rf4 36. Kg3 Ra4 37. Rb5 gxh4+ 38. Kxh4 Rf4 39. f3 Rd7 40.
Ree5 Rf6 41. Rb6 Re7 42. Kg3 Rc7 43. Ra6 Rg6 44. f4 Rb7 45. e3 Rb1 46. Ra7+ Kg8
47. f5 Rf6 48. Rxe6 Rxe6 49. fxe6 Kf8 50. Rh7 Rh1 51. Kf4 Ke8 52. Ke5 Rh3 53.
Kd6 1-0

[Event "Bundesliga 1516"]
[Site "Germany"]
[Date "2015.12.13"]
[Round "4.8"]
[White "Cuenca Jimenez, Jose Fernando"]
[Black "Fedorovsky, Michael"]
[Result "1-0"]
[WhiteElo "2521"]
[BlackElo "2451"]
[PlyCount "73"]
[EventDate "2015.09.18"]
[EventType "team-tourn"]
[EventRounds "15"]
[EventCountry "GER"]
[SourceTitle "CBM 170"]
[Source "ChessBase"]
[SourceDate "2016.01.15"]
[SourceVersion "1"]
[SourceVersionDate "2016.01.15"]
[SourceQuality "1"]
[WhiteTeam "Hamburger SK"]
[BlackTeam "Bayern Muenchen"]
[WhiteTeamCountry "GER"]
[BlackTeamCountry "GER"]

1. d4 Nf6 2. c4 e6 3. Nc3 d5 4. Nf3 c5 5. cxd5 cxd4 6. Qxd4 exd5 7. e4 Nc6 8.
Bb5 dxe4 9. Qxd8+ Kxd8 10. Ng5 Ke7 11. O-O h6 12. Ngxe4 Nxe4 13. Nxe4 f5 14.
Nc3 Be6 15. Be3 Kf7 16. Rfd1 g5 17. Na4 f4 18. Bc5 Bg7 19. Rd2 Rhd8 20. Rad1
Rxd2 21. Rxd2 Rc8 22. Nc3 a6 23. Be2 Ne5 24. Ne4 Rc6 25. h3 Bxa2 26. b4 Be6 27.
Nd6+ Kg6 28. Nxb7 f3 29. Bd1 Bf5 30. g4 Bb1 31. Ba4 Re6 32. Nd8 Rf6 33. Rd1 Be4
34. Re1 Nc6 35. Rxe4 Nxd8 36. Be7 Re6 37. Bxd8 1-0

[Event "Bundesliga 1516"]
[Site "Germany"]
[Date "2016.02.06"]
[Round "5.4"]
[White "Graf, Felix"]
[Black "Cuenca Jimenez, Jose Fernando"]
[Result "1/2-1/2"]
[WhiteElo "2479"]
[BlackElo "2521"]
[PlyCount "83"]
[EventDate "2015.09.18"]
[EventType "team-tourn"]
[EventRounds "15"]
[EventCountry "GER"]
[SourceTitle "CBM 171"]
[Source "ChessBase"]
[SourceDate "2016.03.14"]
[SourceVersion "2"]
[SourceVersionDate "2016.03.14"]
[SourceQuality "1"]
[WhiteTeam "Trier"]
[BlackTeam "Hamburger SK"]
[WhiteTeamCountry "GER"]
[BlackTeamCountry "GER"]

1. d4 Nf6 2. Nc3 d5 3. Bf4 e6 4. e3 a6 5. Nf3 c5 6. Ne5 Nc6 7. Nxc6 bxc6 8. Na4
cxd4 9. exd4 Bd6 10. Bxd6 Qxd6 11. Bd3 O-O 12. O-O a5 13. b3 e5 14. dxe5 Qxe5
15. Re1 Qd6 16. Qf3 Be6 17. Qg3 Qxg3 18. hxg3 Rfe8 19. f3 Kf8 20. Kf2 h6 21.
Rac1 Ke7 22. c4 Kd6 23. Red1 Nd7 24. cxd5 cxd5 25. Bb5 Rec8 26. Ke3 Rab8 27.
Rxc8 Rxc8 28. Bxd7 Bxd7 29. Nb6 Re8+ 30. Kf2 Be6 31. Na4 Rb8 32. Ke3 Bd7 33.
Nc3 Bc6 34. Ne4+ Ke5 35. Nc5 Rb5 36. Nd3+ Kd6 37. Rd2 Rb8 38. g4 a4 39. bxa4
Ra8 40. Nb2 Bxa4 41. Nxa4 Rxa4 42. Kd3 1/2-1/2

[Event "Bundesliga 1516"]
[Site "Germany"]
[Date "2016.02.07"]
[Round "6.4"]
[White "Cuenca Jimenez, Jose Fernando"]
[Black "Van Kampen, Robin"]
[Result "1/2-1/2"]
[WhiteElo "2521"]
[BlackElo "2615"]
[PlyCount "44"]
[EventDate "2015.09.18"]
[EventType "team-tourn"]
[EventRounds "15"]
[EventCountry "GER"]
[SourceTitle "CBM 171"]
[Source "ChessBase"]
[SourceDate "2016.03.14"]
[SourceVersion "2"]
[SourceVersionDate "2016.03.14"]
[SourceQuality "1"]
[WhiteTeam "Hamburger SK"]
[BlackTeam "Solingen"]
[WhiteTeamCountry "GER"]
[BlackTeamCountry "GER"]

1. d4 Nf6 2. c4 g6 3. Nf3 Bg7 4. g3 O-O 5. Bg2 d6 6. O-O Nc6 7. Nc3 Bf5 8. b3
e5 9. d5 Ne7 10. Bb2 Ne4 11. Rc1 h6 12. Ne1 Nxc3 13. Bxc3 Bd7 14. Nd3 f5 15. f4
e4 16. Bxg7 Kxg7 17. Nb4 Ng8 18. Qd4+ Qf6 19. Nc2 b6 20. e3 a5 21. a4 h5 22. h4
Rfe8 1/2-1/2

[Event "Bundesliga 1516"]
[Site "Germany"]
[Date "2016.02.20"]
[Round "8.7"]
[White "Cuenca Jimenez, Jose Fernando"]
[Black "Markgraf, Alexander"]
[Result "0-1"]
[WhiteElo "2521"]
[BlackElo "2488"]
[PlyCount "148"]
[EventDate "2015.09.18"]
[EventType "team-tourn"]
[EventRounds "15"]
[EventCountry "GER"]
[SourceTitle "CBM 171"]
[Source "ChessBase"]
[SourceDate "2016.03.14"]
[SourceVersion "2"]
[SourceVersionDate "2016.03.14"]
[SourceQuality "1"]
[WhiteTeam "Hamburger SK"]
[BlackTeam "Werder Bremen"]
[WhiteTeamCountry "GER"]
[BlackTeamCountry "GER"]

1. d4 f5 2. Nc3 Nf6 3. Bg5 d5 4. e3 e6 5. Nf3 a6 6. Bd3 c5 7. O-O Nc6 8. Ne5
Bd6 9. Nxc6 bxc6 10. dxc5 Bxc5 11. Na4 Ba7 12. c4 O-O 13. Rc1 Qd6 14. h3 Ne4
15. Bxe4 fxe4 16. c5 Qc7 17. f3 exf3 18. Rxf3 Bd7 19. Be7 Rf5 20. g4 Rxf3 21.
Qxf3 h6 22. Rf1 Be8 23. Qf8+ Kh7 24. Bd6 Qd8 25. Be5 Qg5 26. Bf4 Qh4 27. Kg2
Bb8 28. Nb6 Bxf4 29. Qxf4 Rd8 30. Qg3 Qe7 31. b4 Bg6 32. Qe5 Be4+ 33. Kg3 Rf8
34. Rxf8 Qxf8 35. Qf4 Qe8 36. Nc4 Bb1 37. Nd6 Qg6 38. a4 Qc2 39. Qd4 Qc1 40.
Kf2 Bg6 41. h4 Qh1 42. h5 Qh2+ 43. Kf1 Bc2 44. Ke1 e5 45. Qc3 Qg1+ 46. Ke2 Bd1+
47. Kd2 Bxa4 48. Qd3+ e4 49. Qe2 Qa1 50. g5 hxg5 51. Qg4 Qb2+ 52. Ke1 Qxb4+ 53.
Ke2 Bb5+ 54. Nxb5 Qxb5+ 55. Kf2 Qb2+ 56. Ke1 Qc3+ 57. Kf2 Qf6+ 58. Ke1 a5 59.
Qc8 a4 60. Qa8 Qc3+ 61. Kf2 Qd2+ 62. Kf1 Qd1+ 63. Kg2 Qf3+ 64. Kh2 Qxh5+ 65.
Kg2 Qf3+ 66. Kh2 g4 67. Qe8 Qh3+ 68. Kg1 Qxe3+ 69. Kh1 g3 70. Kg2 Qf3+ 71. Kh3
Qf5+ 72. Kh4 Qf6+ 73. Kh3 g2 74. Qc8 g1=R 0-1

[Event "Bundesliga 1516"]
[Site "Germany"]
[Date "2016.04.10"]
[Round "13.1"]
[White "Braun, Arik"]
[Black "Cuenca Jimenez, Jose Fernando"]
[Result "1-0"]
[WhiteElo "2563"]
[BlackElo "2521"]
[PlyCount "163"]
[EventDate "2015.09.18"]
[EventType "team-tourn"]
[EventRounds "15"]
[EventCountry "GER"]
[SourceTitle "CBM 172"]
[Source "ChessBase"]
[SourceDate "2016.05.12"]
[SourceVersion "1"]
[SourceVersionDate "2016.05.12"]
[SourceQuality "1"]
[WhiteTeam "Hockenheim"]
[BlackTeam "Hamburger SK"]
[WhiteTeamCountry "GER"]
[BlackTeamCountry "GER"]

1. d4 Nf6 2. c4 g6 3. f3 Bg7 4. e4 d6 5. Ne2 O-O 6. Be3 c5 7. d5 e6 8. Nec3
exd5 9. cxd5 Ne8 10. Be2 f5 11. exf5 Bxf5 12. O-O Na6 13. Nd2 Nb4 14. Nde4 Bd4
15. Bf2 Bxe4 16. Nxe4 Bxf2+ 17. Rxf2 Nf6 18. Nxf6+ Qxf6 19. Qb3 Rab8 20. Bb5
Na6 21. Re1 Nc7 22. Bd7 Kg7 23. Rfe2 Rf7 24. Be6 Re7 25. Re4 Rbe8 26. g3 b5 27.
Rf4 Nxe6 28. Rxf6 Nd4 29. Rxe7+ Rxe7 30. Rxg6+ hxg6 31. Qa3 Re2 32. Qxa7+ Kf6
33. Qd7 Ke5 34. Qg4 Kxd5 35. h4 Rxb2 36. Qe4+ Kc4 37. Qxg6 Rxa2 38. h5 b4 39.
h6 b3 40. h7 b2 41. h8=Q Ra1+ 42. Kg2 b1=Q 43. Qxb1 Rxb1 44. f4 Rb2+ 45. Kh3
Rf2 46. Qf6 Kd3 47. Qxd6 c4 48. Qa6 Ne2 49. f5 Rf3 50. f6 Rxg3+ 51. Kh4 Rf3 52.
Kg5 Nd4 53. Kg6 Re3 54. Kg7 Ne6+ 55. Kf7 Re4 56. Qb5 Ke3 57. Qb2 Kd3 58. Qb1+
Kd2 59. Qb2+ Kd3 60. Qb5 Ke3 61. Qb4 Kd3 62. Qd6+ Ke3 63. Qg3+ Kd2 64. Qg2+ Kd3
65. Qf3+ Kd4 66. Qd1+ Ke3 67. Qc2 Kf4 68. Qc3 Kf5 69. Qh3+ Kg5 70. Qf3 Re5 71.
Qg2+ Kf5 72. Qf1+ Kg5 73. Qxc4 Nd8+ 74. Kf8 Ne6+ 75. Ke7 Ng7+ 76. Kf7 Ne8 77.
Qd3 Kf4 78. Qd2+ Kf5 79. Qd4 Nc7 80. Qf2+ Kg5 81. Qg2+ Kf4 82. Qh2+ 1-0

[Event "Wch Rapid"]
[Site "Berlin"]
[Date "2015.10.10"]
[Round "1"]
[White "Gajewski, Grzegorz"]
[Black "Cuenca Jimenez, Jose Fernando"]
[Result "1-0"]
[WhiteElo "2654"]
[BlackElo "2516"]
[PlyCount "77"]
[EventDate "2015.10.10"]
[EventType "swiss (rapid)"]
[EventRounds "15"]
[EventCountry "GER"]
[SourceTitle "CBM 168 Extra"]
[Source "ChessBase"]
[SourceDate "2015.10.29"]
[SourceVersion "1"]
[SourceVersionDate "2015.10.29"]
[SourceQuality "1"]

1. c4 Nf6 2. Nc3 g6 3. e4 d6 4. d4 Bg7 5. Nf3 O-O 6. Be2 e5 7. O-O Nc6 8. d5
Ne7 9. a4 a5 10. Ne1 Nd7 11. Nd3 b6 12. f3 f5 13. Bd2 Nf6 14. Nf2 f4 15. Nb5 g5
16. b4 axb4 17. Bxb4 Bd7 18. a5 bxa5 19. Rxa5 Rb8 20. Ra6 h5 21. Ba5 Bxb5 22.
cxb5 Rb7 23. Qc2 Rf7 24. Rc1 Ne8 25. Nd3 Bf8 26. Nb4 Rg7 27. Nc6 Qd7 28. Ra8
Nc8 29. Nb8 Qf7 30. Qc6 Ra7 31. Rxa7 Nxa7 32. Qa6 g4 33. Qxa7 h4 34. fxg4 h3
35. b6 hxg2 36. Bf3 cxb6 37. Qxf7+ Rxf7 38. Bb4 Nc7 39. Kxg2 1-0

[Event "Wch Rapid"]
[Site "Berlin"]
[Date "2015.10.10"]
[Round "2"]
[White "Cuenca Jimenez, Jose Fernando"]
[Black "Antipov, Mikhail Al"]
[Result "1-0"]
[WhiteElo "2516"]
[BlackElo "2569"]
[PlyCount "85"]
[EventDate "2015.10.10"]
[EventType "swiss (rapid)"]
[EventRounds "15"]
[EventCountry "GER"]
[SourceTitle "CBM 168 Extra"]
[Source "ChessBase"]
[SourceDate "2015.10.29"]
[SourceVersion "1"]
[SourceVersionDate "2015.10.29"]
[SourceQuality "1"]

1. Nf3 Nf6 2. c4 a6 3. e3 e6 4. g3 b5 5. cxb5 axb5 6. Bxb5 Bb7 7. d4 h5 8. h4
Nc6 9. Nc3 Bb4 10. O-O Ne7 11. Be2 Ra5 12. Qb3 Rf5 13. e4 Bxc3 14. Qxb7 Rxf3
15. Bxf3 Bxd4 16. Bg5 Ng4 17. Rac1 f6 18. Bd2 Nc6 19. b4 g5 20. b5 Nce5 21.
Bxg4 hxg4 22. Rxc7 Kf7 23. Kg2 gxh4 24. Bf4 hxg3 25. Bxg3 Kg6 26. Rd1 Rh2+ 27.
Bxh2 Qh8 28. Bxe5 Qh3+ 29. Kg1 Bxe5 30. Rc2 Bh2+ 31. Kh1 Bf4+ 32. Kg1 g3 33. e5
Qg4 34. f3 Qh4 35. Qe4+ f5 36. Qe2 Qh6 37. Rd3 Qh8 38. b6 Qb8 39. Rb3 Bxe5 40.
b7 Bd4+ 41. Kf1 Bf2 42. Rc8 g2+ 43. Kxf2 1-0

[Event "Wch Rapid"]
[Site "Berlin"]
[Date "2015.10.10"]
[Round "3"]
[White "Ganguly, Surya Shekhar"]
[Black "Cuenca Jimenez, Jose Fernando"]
[Result "1-0"]
[WhiteElo "2652"]
[BlackElo "2516"]
[PlyCount "147"]
[EventDate "2015.10.10"]
[EventType "swiss (rapid)"]
[EventRounds "15"]
[EventCountry "GER"]
[SourceTitle "CBM 168 Extra"]
[Source "ChessBase"]
[SourceDate "2015.10.29"]
[SourceVersion "1"]
[SourceVersionDate "2015.10.29"]
[SourceQuality "1"]

1. e4 d6 2. d4 Nf6 3. Nc3 e5 4. Nf3 Nbd7 5. Bc4 Be7 6. a4 O-O 7. O-O c6 8. h3
b6 9. Qe2 a6 10. Rd1 Qc7 11. Bb3 Rb8 12. d5 cxd5 13. Bxd5 Bb7 14. Bxb7 Qxb7 15.
Bg5 b5 16. axb5 axb5 17. Bxf6 Nxf6 18. Ra5 b4 19. Nd5 Nxd5 20. Rdxd5 Qc7 21. b3
Rfc8 22. Ne1 g6 23. Ra2 Rb6 24. Nd3 Kg7 25. Qd2 Qc3 26. Qxc3 Rxc3 27. Kf1 f5
28. f3 Rc7 29. Ke2 Kf6 30. Kd1 Ke6 31. Ra4 Rcb7 32. Rda5 Bg5 33. Ra6 Rxa6 34.
Rxa6 Be3 35. Ke2 Bd4 36. Ra4 Bc3 37. Ra6 Kd7 38. Ra8 Ke6 39. Re8+ Kd7 40. Rf8
Ke7 41. Rh8 Ke6 42. Ra8 Ke7 43. g4 fxe4 44. fxe4 Ke6 45. Re8+ Kf7 46. Rh8 Ke6
47. Re8+ Kf7 48. Ra8 Ke6 49. h4 Kf7 50. g5 Ke6 51. Nf2 Rf7 52. Ng4 Rf4 53. Nf6
Rxh4 54. Ra7 h6 55. Kd3 Bd4 56. Rg7 Rh3+ 57. Kc4 Be3 58. Nd5 Bxg5 59. Kxb4 Rh4
60. Rxg6+ Kd7 61. Rg7+ Kd8 62. Kb5 Rxe4 63. Rg8+ Kd7 64. Rxg5 hxg5 65. Nf6+ Ke6
66. Nxe4 g4 67. Kc6 d5 68. Ng3 e4 69. b4 Ke5 70. b5 Kf4 71. b6 Kxg3 72. b7 e3
73. b8=Q+ Kf3 74. Qf8+ 1-0

[Event "Wch Rapid"]
[Site "Berlin"]
[Date "2015.10.10"]
[Round "4"]
[White "Cuenca Jimenez, Jose Fernando"]
[Black "Agrest, Evgenij"]
[Result "1/2-1/2"]
[WhiteElo "2516"]
[BlackElo "2596"]
[PlyCount "150"]
[EventDate "2015.10.10"]
[EventType "swiss (rapid)"]
[EventRounds "15"]
[EventCountry "GER"]
[SourceTitle "CBM 168 Extra"]
[Source "ChessBase"]
[SourceDate "2015.10.29"]
[SourceVersion "1"]
[SourceVersionDate "2015.10.29"]
[SourceQuality "1"]

1. Nf3 d5 2. d4 Nf6 3. c4 c6 4. Qb3 dxc4 5. Qxc4 Bg4 6. Nbd2 Nbd7 7. g3 e6 8.
Bg2 Be7 9. O-O Bh5 10. e3 O-O 11. h3 Rc8 12. b4 Nb6 13. Qb3 Qd5 14. a3 Nfd7 15.
Qc2 Bg6 16. e4 Qd6 17. Nb3 Qb8 18. Qe2 Rfe8 19. Bd2 f6 20. a4 Nf8 21. Nc5 Nbd7
22. Rfd1 b6 23. Bf4 Qa8 24. Nxd7 Nxd7 25. b5 cxb5 26. Qxb5 Bxe4 27. Qxd7 Bxf3
28. Qxe6+ Kf8 29. Bxf3 Qxf3 30. d5 Rc2 31. Qe3 Qxe3 32. Bxe3 Bc5 33. Bxc5+ Rxc5
34. Rd4 Ke7 35. d6+ Kd7 36. Kg2 Re2 37. Rad1 Rcc2 38. Rf4 Re6 39. Rg4 g5 40. h4
h6 41. hxg5 hxg5 42. Rgd4 Rc6 43. Rh1 Rcxd6 44. Rc4 Re7 45. Rhc1 Ke8 46. Kf3
Rd2 47. Rc8+ Rd8 48. R8c6 Kf7 49. a5 bxa5 50. R1c5 a4 51. Ra5 Rd4 52. Raa6 Kg7
53. Rxf6 Rf7 54. Rxf7+ Kxf7 55. Rxa7+ Kg6 56. Ra5 Rb4 57. Ke3 g4 58. Kd3 Kf6
59. Kc3 Rb3+ 60. Kc4 Ra3 61. Kd4 Ra2 62. Ra6+ Kf5 63. Ra5+ Ke6 64. Ke3 a3 65.
Kf4 Rxf2+ 66. Kxg4 a2 67. Ra8 Ke5 68. Kg5 Ke4 69. g4 Kd3 70. Kg6 Kc3 71. g5 Kb2
72. Kh7 a1=Q 73. Rxa1 Kxa1 74. g6 Rg2 75. g7 Rxg7+ 1/2-1/2

[Event "Wch Rapid"]
[Site "Berlin"]
[Date "2015.10.10"]
[Round "5"]
[White "Sasikiran, Krishnan"]
[Black "Cuenca Jimenez, Jose Fernando"]
[Result "1-0"]
[WhiteElo "2639"]
[BlackElo "2516"]
[PlyCount "91"]
[EventDate "2015.10.10"]
[EventType "swiss (rapid)"]
[EventRounds "15"]
[EventCountry "GER"]
[SourceTitle "CBM 168 Extra"]
[Source "ChessBase"]
[SourceDate "2015.10.29"]
[SourceVersion "1"]
[SourceVersionDate "2015.10.29"]
[SourceQuality "1"]

1. Nf3 Nf6 2. g3 g6 3. Bg2 Bg7 4. O-O O-O 5. d4 d6 6. c4 Nc6 7. Nc3 a6 8. h3
Bd7 9. e4 e5 10. dxe5 Nxe5 11. Nxe5 dxe5 12. Be3 Be6 13. Qe2 Nd7 14. Rfd1 c6
15. c5 Qc7 16. Nd5 Qb8 17. Rd2 Re8 18. Rad1 a5 19. Nc3 Qc7 20. b3 Rad8 21. Na4
Nb8 22. Nb6 Nd7 23. Qd3 Qb8 24. Qc3 Nxb6 25. cxb6 a4 26. bxa4 Bxa2 27. a5 Be6
28. Bf1 Rxd2 29. Rxd2 Bf8 30. Bc5 Bh6 31. Rd3 Qa8 32. Rd1 Bg7 33. Kh2 h5 34.
Bc4 Bxc4 35. Qxc4 Qc8 36. Kg2 h4 37. gxh4 Bf6 38. Qd3 Bxh4 39. Qd7 Qa8 40. Bb4
Kg7 41. Qg4 Rd8 42. Rxd8 Bxd8 43. Qd7 Bf6 44. Qd6 Qc8 45. a6 bxa6 46. Qf8+ 1-0

[Event "Wch Rapid"]
[Site "Berlin"]
[Date "2015.10.11"]
[Round "6"]
[White "Cuenca Jimenez, Jose Fernando"]
[Black "Naumann, Alexander"]
[Result "0-1"]
[WhiteElo "2516"]
[BlackElo "2545"]
[PlyCount "84"]
[EventDate "2015.10.10"]
[EventType "swiss (rapid)"]
[EventRounds "15"]
[EventCountry "GER"]
[SourceTitle "CBM 168 Extra"]
[Source "ChessBase"]
[SourceDate "2015.10.29"]
[SourceVersion "1"]
[SourceVersionDate "2015.10.29"]
[SourceQuality "1"]

1. e4 e6 2. d4 d5 3. Nd2 Nf6 4. e5 Nfd7 5. Bd3 c5 6. c3 Nc6 7. Ne2 cxd4 8. cxd4
f6 9. exf6 Nxf6 10. Nf3 Bd6 11. O-O Qc7 12. Bg5 O-O 13. Rc1 h6 14. Bh4 Nh5 15.
Bb1 g5 16. Bg3 Nxg3 17. Nxg3 Qg7 18. Qd3 Nb4 19. Qe2 Bd7 20. Ne5 Bxe5 21. dxe5
Be8 22. Qg4 Qe7 23. Nh5 Bxh5 24. Qxh5 Qg7 25. Qg4 Qe7 26. f4 Nc6 27. Rc3 Rf7
28. Rh3 Nxe5 29. Qe2 Qc5+ 30. Kh1 Rxf4 31. Rg1 Ng4 32. Qxe6+ Kf8 33. Rf3 Nf2+
34. Rxf2 Qxf2 35. Qxh6+ Ke7 36. Qg7+ Kd6 37. Qxb7 Raf8 38. Bd3 Rh8 39. Qa6+ Qb6
40. Qa3+ Kd7 41. Rd1 Rxh2+ 42. Kxh2 Rh4+ 0-1